000
00281nam a22001337a 4500
008
170630b xxu||||| |||| 00| 0 eng d
020
_a
0961967404
041
_a
eng
080
_a
82
100
_a
22
101
_a
GJL
245
_a
OLYMPIAN PLAYS
_c
RAGUSO, V.M
942
_2
udc
_c
BK
999
_c
19680
_d
19680